000 00557cam a22002291 4500
001 sa 64006418
003 DLC
005 20260227112039.0
008 890724s1964 ii 000 0 hino
010 _asa 64006418
035 _a(OCoLC)20061584
040 _aDLC
_cWaU
_dDLC
042 _apremarc
050 0 0 _aPK2057
_b.B47
100 1 _aBharadwaj, Ramdat,
_d1902-
245 1 0 _aR̥tambharā.
260 _c[1964]
300 _a157 p.
_c19 cm.
500 _aIn Hindi.
650 0 _aHindi poetry.
710 2 _aBhāratīya Sāhitytakāra Saṅgha.
999 _c59687
_d59687